Normal view
MARC view
- Muhammad Azeem.
Entry Personal Name
001 - CONTROL NUMBER
- control field: 28404
003 - CONTROL NUMBER IDENTIFIER
- control field: NUST
005 - DATE AND TIME OF LATEST TRANSACTION
- control field: 20200210115435.0
008 - FIXED-LENGTH DATA ELEMENTS
- fixed length control field: 200210|| aca||aabn | a|a d
040 ## - CATALOGING SOURCE
- Original cataloging agency: NUST
- Transcribing agency: NUST
100 ## - HEADING--PERSONAL NAME
- Personal name: Muhammad Azeem.
670 ## - SOURCE DATA FOUND
- Source citation: Work cat.: (NUST): Muhammad Azeem., Improving Gas Barrier Properties with Boron Nitride Nanosheets in Polymer Composites /, 2018.
